01325njm a2200277Ia 4500001000600000003000900006005001700015008004100032040001300073040001300086041001300099100001100112100001800123100003800141245003200179250001100211260001100222260006600233300001700299300003000316500001700346505050800363511006900871650005200940700005500992L1977IT-RoPAU20220918181153.0131025s9999 xx 000 0 und d aIT-RoPAU cIT-RoPAU aITALIANO aAA.VV. eAutore musica gCodice autore musica SPICS: 12000 aJoe Henderson In 'N' Around a1a ed. aMILANO bHACHETTE RUSCONIc2005 [1a Ed.:2005 - Ed. Lingua Orig.: 2005] aCOMPACT DISC c74 minuti (Testo: 0 pag.) aMusica jazz. aVisa (Charlie Parker, 9:58) - All the Things You Are (J. Kern, O. Hammerstein II, 13:45) - Rue Chaptal Royal Roost (K. Dorham, K. Clarke, Genova luglio 1987, 7:59) - Recorda me (J. Henderson, Milano luglio 1990, 3:16) - The Kicker (J. Henderson, New York agosto 1999, 3:28) - Inner Urge (J. Henderson, Boston ottobre 1989, 12:56) - Afro Centric (J. Henderson, New York marzo 2003, 6:46) - Out of the Night (J. Henderson, Bari settembre 2002, 6:11) - Mode For Joe (C. Walton, Napoli agosto 1996, 8:44). aC. Haden, A. Foster, F. Morgera, J. Jackson, J.D. Allen, B. Ware aJAZZ [COMPACT DISC]eCodice MATERIA SPICS: 9949 aAA.VV.gCodice interprete SPICS: 12000eInterprete